Prueba de Gambia - Estadísticas

Estadísticas generales
  • Esta prueba ha sido intentada 576 veces
  • La puntuación promedio es 8 de 13
Estadísticas de respuestas
Pista Respuesta % Correcto
El único país limítrofe Senegal
95%
Idioma oficial Inglés
94%
Gambia fue una colonia de este país, entre 1821 y 1965 Reino Unido
90%
La religión a la que pertenece el 95% de la población de Gambia Islam
87%
Gambia es el país más pequeño de África continental. Este país es el siguiente. Esuatini
72%
Capital de Gambia Banjul
68%
Y ese río comienza en este país Guinea
67%
El gran imperio del que Gambia formó parte entre 1230-1670 Imperio de Malí
66%
Gambia está situada en las orillas de este río Río Gambia
63%
El mamífero africano "risueño" que es el animal nacional del país Hiena manchada
40%
Nombra uno de los tres grupos étnicos dominantes de Gambia Mandinka | Fula | Wolof
26%
La forma de Gambia tiene la mayor proporción de _____ a _____ de todos los países del mundo. (Pista: Chile tiene la proporción más pequeña) Anchura a altura
17%
Gambia es conocida por este nombre La costa {sonriente}
11%
No se encontraron pruebas coincidentes
Distribución de puntuación
Porcentaje de gente con cada puntuación
Porcentaje por número respondido
Historial de tus puntuaciones
No has intentado esta prueba.